History Quiz

Random History Quiz
Score 0/56 Timer 10:00
0 Plays Today
% Correct
John F. Kennedy
93.1%
Robert F. Kennedy
93.1%
Versailles
92.5%
Germany
90.6%
Julius Caesar
90.6%
Abraham Lincoln
90%
Martin Luther King, Jr.
90%
Archduke Franz Ferdinand
89.4%
Poland
89.4%
Iraq
86.9%
Gettysburg
80%
Waterloo
80%
Italy
78.8%
France
78.1%
William McKinley
76.3%
Kuwait
74.4%
Paris (1783)
70%
Paris (1763)
70%
Benazir Bhutto
69.4%
Normandy
69.4%
Britain
65.6%
Saudi Arabia
65%
the Bulge
61.9%
the Somme
61.3%
Stalingrad
59.4%
Yitzhak Rabin
52.5%
England
51.9%
Grenada
50%
% Correct
Nantes
48.1%
Norway
46.9%
Antietam
37.5%
Canada (1775)
35%
Okinawa
34.4%
Guadalupe Hidalgo
30%
Yugoslavia
28.1%
the Atlantic
27.5%
Utrecht
26.3%
Sicily
25.6%
Lingayen Gulf
24.4%
Lisbon
23.1%
Worms
21.3%
Milan
20%
Brest-Litovsk
18.1%
Bulgaria
15%
Trianon
10.6%
Nepal
9.4%
Amiens
8.8%
Waitangi
7.5%
Karnataka
6.3%
Fontainebleau
5.6%
Juvénal Habyarimana and Cyprien Ntaryamira
5%
Potsdam
4.4%
Restitution
3.1%
Expulsion
1.9%
Gülhane
1.9%
Thessalonica
1.9%
Remove Ads.
Support Sporcle.
Get the best of Sporcle when you Go Orange. This ad-free experience offers more features, more stats, and more fun while also helping to support Sporcle. Thank you for becoming a member.

You're not logged in!

Compare scores with friends on all Sporcle quizzes.
OR
Log In

Show Comments

Extras

Top Quizzes Today


Score Distribution

Your Account Isn't Verified!

In order to create a playlist on Sporcle, you need to verify the email address you used during registration. Go to your Sporcle Settings to finish the process.

Report this User

Report this user for behavior that violates our Community Guidelines.

Details: